Finish the Famous TV Theme II Quiz Stats

Quiz Updated Oct 25, 2017

Challenge
Share
Tweet
Embed
Score 0/28 Timer 06:00
4 Plays Today
% Correct
Me
94.4%
Neighbor
93.6%
Days
93.5%
Face
93.3%
Harmony
92.8%
All
92.7%
Air
92.2%
Junction
91.3%
Duck-blur
91%
Seat
90.8%
Over
90.5%
Family
90.3%
Here
90.3%
Got
90.2%
% Correct
Elroy
90.2%
Infinity
89.8%
Miracle
89.7%
Free
88.8%
Max
87.9%
Confidant
86.2%
Sweet
84.7%
Through
84.3%
Romance
83.3%
Out
82.4%
Temptation
82.1%
Right
79.9%
Learning
72.4%
Living
60.9%

You're not logged in!

Compare scores with friends on all Sporcle quizzes.
Sign Up with Email
OR
Log In

You Might Also Like...

Show Comments

Extras

Top Quizzes Today


Score Distribution

Your Account Isn't Verified!

In order to create a playlist on Sporcle, you need to verify the email address you used during registration. Go to your Sporcle Settings to finish the process.

Report this User

Report this user for behavior that violates our Community Guidelines.

Details: